| 000 | 00983nam a2200289 i 4500 | ||
|---|---|---|---|
| 003 | DO-SdBNP | ||
| 005 | 20250710092133.0 | ||
| 007 | ta | ||
| 008 | 220113e2013 dr ||||er|||| 000 fdspa d | ||
| 020 | _a9789945475739 | ||
| 040 |
_aDO-SdBNP _bspa _cBNPHU _erda |
||
| 041 | _aspa | ||
| 082 | 4 |
_aRD863.44 _bP426p _222 |
|
| 100 | 1 |
_aPeralta Romero, Rafael, _d1948- _eautor _4aut. _979774 |
|
| 245 | 1 | 0 |
_aPedro el cruel : _b(novela) / _cRafael Peralta Romero |
| 264 | 4 |
_aSanto Domingo, República Dominicana : _bEdiciones Rumbo Este, _c©2013. |
|
| 300 |
_a111 páginas : _bilustraciones ; _c23 cm. |
||
| 336 |
_atexto _btxt _2rdacontent |
||
| 337 |
_asin mediación _bn _2rdamedia |
||
| 338 |
_avolumen _bnc _2rdacarrier |
||
| 500 | _aIncluye datos biográficos del autor en la solapa de la cubierta. | ||
| 590 | _aInventariado 2022 / MF | ||
| 650 | 0 |
_aNovela dominicana _9223 |
|
| 650 | 4 | _aLiteratura dominicana | |
| 910 | _aMFéliz/Valiado. Control de calidad MFF | ||
| 942 |
_2ddc _cLBS1 |
||
| 999 |
_c51162 _d51162 |
||